[Event "Olomouc Chess Summer 2017 - seniors"]
[Site "Olomouc (CZE)"]
[Date "2017.08.12"]
[Round "1"]
[White "Horak, Miroslav"]
[Black "Heppell, Ian N"]
[Result "0-1"]
[WhiteElo "1735"]
[BlackElo "2062"]
[PlyCount "80"]
[EventDate "2017.??.??"]

1. c4 e5 2. Nc3 Nc6 3. g3 f5 4. e3 Nf6 5. Bg2 d5 6. cxd5 Nb4 7. d4 e4 8. Bf1
Nbxd5 9. Bc4 c6 10. Nge2 Be6 11. Bb3 Qd7 12. Nxd5 Nxd5 13. Bd2 Be7 14. Nc3 O-O
15. Qe2 Nb4 16. Bxe6+ Qxe6 17. O-O Rad8 18. Qd1 a6 19. a3 Nd3 20. b4 f4 21.
exf4 Rxd4 22. Be3 Rd7 23. Qe2 Bf6 24. Qc2 Qc4 25. Bd2 Rfd8 26. Qa2 Qxa2 27.
Rxa2 Nxb4 28. axb4 Rxd2 29. Rxd2 Rxd2 30. Nxe4 Rb2 31. Nxf6+ gxf6 32. Rd1 Rxb4
33. Rd7 a5 34. f5 a4 35. Rd8+ Kg7 36. Rd7+ Kh6 37. h4 a3 38. Rd8 a2 39. Ra8
Rb1+ 40. Kg2 a1=Q 0-1

[Event "Olomouc Chess Summer 2017 - seniors"]
[Site "Olomouc (CZE)"]
[Date "2017.08.12"]
[Round "1"]
[White "Trojan, Lubos"]
[Black "Klanica, Anton"]
[Result "1-0"]
[WhiteElo "1989"]
[BlackElo "1729"]
[PlyCount "207"]
[EventDate "2017.??.??"]

1. d4 Nf6 2. Nf3 g6 3. c4 Bg7 4. Nc3 O-O 5. e4 d6 6. h3 Nbd7 7. Be3 e5 8. dxe5
dxe5 9. Qc2 c6 10. Be2 Qc7 11. O-O Re8 12. Rfd1 Nf8 13. b4 Be6 14. a4 Red8 15.
Rxd8 Rxd8 16. a5 Qb8 17. Na4 N6d7 18. Rd1 Bf6 19. Ng5 Kg7 20. Qc1 Kg8 21. Nxe6
Nxe6 22. Bg4 Ndf8 23. Nc5 Nxc5 24. Bxc5 b6 25. axb6 axb6 26. Be3 Qc7 27. Rxd8
Bxd8 28. f4 Qe7 29. Qc3 Bc7 30. f5 g5 31. Qd2 h6 32. c5 b5 33. Bd1 Qd8 34. Qe2
Kg7 35. Bb3 Nh7 36. h4 Qf6 37. Qh5 Bd8 38. Bc1 Qe7 39. hxg5 Nxg5 40. Qe2 Qd7
41. Bb2 Bc7 42. Bc3 Qd8 43. Bc2 Nh7 44. Qe1 Ng5 45. Qa1 Kf6 46. Qa6 Qd7 47. Qa8
Kg7 48. Kh2 Nh7 49. Qa1 Kf6 50. Qe1 Qd8 51. Bd2 Kg7 52. Be3 Ng5 53. Kg3 Qe7 54.
Qc1 Qd8 55. Kg4 Qe7 56. f6+ Qxf6 57. Bxg5 Qg6 58. Kh4 hxg5+ 59. Qxg5 f6 60.
Qxg6+ Kxg6 61. Bd1 Kf7 62. Kh5 Ke7 63. Bg4 Bd8 64. Kg6 Ke8 65. Bc8 Ke7 66. Kf5
Bc7 67. Bb7 Kd7 68. Kxf6 Bd8+ 69. Kxe5 Bg5 70. Kd4 Kc7 71. Ba6 Bd2 72. e5 Bxb4
73. e6 Ba3 74. e7 Kd7 75. Bb7 Bb2+ 76. Ke4 Kxe7 77. Bxc6 b4 78. Kd5 Bc3 79. Ba4
b3 80. Bxb3 Kd7 81. Bc2 Bd2 82. Be4 Bf4 83. Bf3 Bg3 84. c6+ Ke7 85. Bg4 Bc7 86.
Bd7 Bg3 87. Ke4 Kf6 88. Kf3 Bc7 89. Kg4 Kg6 90. Be8+ Kf6 91. g3 Ke7 92. Bd7 Kf6
93. Kh4 Kg6 94. Be8+ Kf6 95. g4 Bf4 96. Kh5 Ke7 97. Bd7 Kf6 98. g5+ Kg7 99. Kg4
Bc7 100. Kf5 Bd8 101. Be8 Kf8 102. Bh5 Kg7 103. g6 Kh6 104. Ke6 1-0

[Event "Olomouc Chess Summer 2017 - seniors"]
[Site "Olomouc (CZE)"]
[Date "2017.08.12"]
[Round "1"]
[White "Kearsley, Raymond J"]
[Black "Pokora, Lubomir"]
[Result "0-1"]
[WhiteElo "1724"]
[BlackElo "1901"]
[PlyCount "50"]
[EventDate "2017.??.??"]

1. e4 e5 2. Nf3 Nf6 3. Nxe5 d6 4. Nf3 Nxe4 5. Qe2 Qe7 6. d3 Nf6 7. Bg5 Nbd7 8.
Nc3 Qxe2+ 9. Bxe2 h6 10. Bh4 g5 11. Bg3 Nb6 12. O-O-O Bd7 13. Nd4 O-O-O 14. h4
Bg7 15. hxg5 hxg5 16. Rxh8 Rxh8 17. Ne4 Nh5 18. Bxh5 Rxh5 19. Nf3 g4 20. Nfd2
Nd5 21. c4 Nb4 22. Nb3 Nxa2+ 23. Kb1 Nb4 24. Nc3 Be6 25. Ne4 Nxd3 0-1

[Event "Olomouc Chess Summer 2017 - seniors"]
[Site "Olomouc (CZE)"]
[Date "2017.08.12"]
[Round "1"]
[White "Chrenko, Peter"]
[Black "Birkestrand, Odd"]
[Result "1-0"]
[WhiteElo "1897"]
[BlackElo "1717"]
[PlyCount "79"]
[EventDate "2017.??.??"]

1. Nf3 d5 2. g3 g6 3. Bg2 Bg7 4. O-O Nf6 5. d3 O-O 6. Nbd2 Re8 7. e4 dxe4 8.
dxe4 Nc6 9. c3 e5 10. Qc2 Be6 11. Rd1 Qe7 12. Nb3 Rad8 13. Be3 b6 14. Bf1 Bg4
15. Rxd8 Rxd8 16. Nbd2 h6 17. Bb5 Nb8 18. Nh4 Bh3 19. f3 Kh7 20. Be2 Nh5 21.
Ng2 Nd7 22. Rf1 Rf8 23. Rf2 f5 24. exf5 Bxf5 25. Qa4 Be6 26. Ne4 a5 27. Bd3
Nhf6 28. Nh4 Bf7 29. Qc2 Nd5 30. Bc1 Kg8 31. a3 Nf4 32. Bf1 Be8 33. Kh1 g5 34.
gxf4 gxh4 35. f5 Nf6 36. Rg2 Kh8 37. Bd3 Kh7 38. Qf2 Nxe4 39. Bxe4 Bf6 40. Qe3
1-0

[Event "Olomouc Chess Summer 2017 - seniors"]
[Site "Olomouc (CZE)"]
[Date "2017.08.12"]
[Round "1"]
[White "Kryst, Konrad"]
[Black "Stokes, Paul C"]
[Result "0-1"]
[WhiteElo "1708"]
[BlackElo "1871"]
[PlyCount "54"]
[EventDate "2017.??.??"]

1. d4 Nf6 2. c4 e6 3. Nc3 Bb4 4. Qc2 Nc6 5. Nf3 d6 6. e3 O-O 7. Bd3 Qe7 8. O-O
Bxc3 9. Qxc3 e5 10. dxe5 dxe5 11. e4 Bg4 12. Bg5 Rad8 13. Ne1 Nd4 14. f3 Bc8
15. b4 c5 16. b5 b6 17. a4 h6 18. Bxf6 Qxf6 19. Nc2 Qg5 20. Rf2 Rd6 21. Ne1
Rfd8 22. Raa2 Ne6 23. Rad2 Nf4 24. Kf1 Be6 25. Bc2 Bxc4+ 26. Qxc4 Rxd2 27. Rxd2
Rxd2 0-1

[Event "Olomouc Chess Summer 2017 - GM"]
[Site "Olomouc (CZE)"]
[Date "2017.08.13"]
[Round "2.1"]
[White "Camarena Gimenez, Rufino"]
[Black "Torma, Robert"]
[Result "1/2-1/2"]
[WhiteElo "2363"]
[BlackElo "2492"]
[PlyCount "85"]
[EventDate "2017.??.??"]

1. d4 d5 2. c4 e6 3. Nc3 c6 4. e3 Nf6 5. Nf3 Nbd7 6. Qc2 Bd6 7. Bd3 O-O 8. O-O
dxc4 9. Bxc4 b5 10. Be2 Qe7 11. a3 a6 12. b4 a5 13. Bd2 axb4 14. axb4 Bb7 15.
e4 e5 16. dxe5 Nxe5 17. Nd4 Bxb4 18. Nf5 Qc5 19. Rab1 Rfd8 20. Rb3 Ra3 21. Rxb4
Qxb4 22. Nd5 Qa4 23. Nxf6+ gxf6 24. Qc5 Qxe4 25. Qe7 Qxf5 26. Qxd8+ Kg7 27.
Bh6+ Kxh6 28. Qf8+ Kg6 29. Qxa3 Qe4 30. Qg3+ Kh6 31. f4 Ng6 32. Bd3 Qd4+ 33.
Kh1 c5 34. Bxb5 c4 35. h3 Qc5 36. Ba4 Be4 37. Qf2 Qa3 38. Bc2 Qxh3+ 39. Kg1 Qf5
40. Bxe4 Qxe4 41. Qg3 f5 42. Rf3 c3 43. Rxc3 1/2-1/2

[Event "Olomouc Chess Summer 2017 - GM"]
[Site "Olomouc (CZE)"]
[Date "2017.08.13"]
[Round "2.3"]
[White "Koksal, Ege"]
[Black "Domogaev, Sergey"]
[Result "1/2-1/2"]
[WhiteElo "2360"]
[BlackElo "2400"]
[PlyCount "74"]
[EventDate "2017.??.??"]

1. c4 g6 2. Nc3 Bg7 3. d4 d6 4. e4 Nc6 5. d5 Nd4 6. Be3 c5 7. Nge2 Bg4 8. f3
Nxe2 9. Bxe2 Bd7 10. Qd2 Nf6 11. O-O O-O 12. Bh6 a6 13. Bxg7 Kxg7 14. f4 Rb8
15. e5 Ne8 16. Ne4 b5 17. b4 cxb4 18. c5 dxc5 19. Nxc5 Kg8 20. Qxb4 a5 21. Qd4
b4 22. Rad1 Ng7 23. g4 Bb5 24. Bxb5 Rxb5 25. d6 exd6 26. exd6 Qb6 27. Nb3 Qxd4+
28. Nxd4 Rb6 29. Nb3 Rd8 30. d7 Rb7 31. Nc5 Rc7 32. Rd5 Ne6 33. Re1 Kg7 34.
Rxe6 Rxc5 35. Rxg6+ hxg6 36. Rxc5 Rxd7 37. Rxa5 Rd4 1/2-1/2

[Event "Olomouc Chess Summer 2017 - GM"]
[Site "Olomouc (CZE)"]
[Date "2017.08.13"]
[Round "2.4"]
[White "Yagupov, Igor"]
[Black "Cernousek, Lukas"]
[Result "0-1"]
[WhiteElo "2395"]
[BlackElo "2447"]
[PlyCount "136"]
[EventDate "2017.??.??"]

1. e4 c5 2. Nf3 d6 3. d4 Nf6 4. Nc3 cxd4 5. Nxd4 a6 6. f3 e5 7. Nb3 Be6 8. Be3
Be7 9. Qd2 O-O 10. O-O-O Nbd7 11. g4 b5 12. g5 b4 13. Ne2 Ne8 14. f4 a5 15. f5
a4 16. Nbd4 exd4 17. Nxd4 b3 18. Kb1 bxc2+ 19. Nxc2 Bb3 20. axb3 axb3 21. Na3
Ne5 22. h4 Ra4 23. Qg2 Qa8 24. f6 Bd8 25. Bd4 Nc7 26. Rh3 Ne6 27. Bxe5 dxe5 28.
Rxb3 Qxe4+ 29. Qxe4 Rxe4 30. fxg7 Kxg7 31. Nc4 Rxh4 32. Nxe5 Bxg5 33. Rb7 Bf6
34. Nc4 Rf4 35. Be2 h5 36. Ne3 h4 37. Rg1+ Ng5 38. Rb5 Re8 39. Nd5 Rf2 40. Nxf6
Kxf6 41. Rgxg5 Rexe2 42. Rh5 Rf4 43. Ka2 Re3 44. b3 h3 45. Ka3 Rg3 46. Rb6+ Kg7
47. Rbh6 Rff3 48. Rh7+ Kf8 49. Rh8+ Ke7 50. Rb8 Kf6 51. Ka4 Kg6 52. Rhh8 Kg5
53. b4 Ra3+ 54. Kb5 Kf4 55. Rbc8 Rg5+ 56. Rc5 f5 57. Kb6 Kg3 58. b5 Rg6+ 59.
Kb7 f4 60. b6 Rb3 61. Rc6 Rxc6 62. Kxc6 h2 63. b7 f3 64. Rg8+ Kf4 65. Rf8+ Kg5
66. Rg8+ Kf6 67. Rh8 f2 68. Kc7 Kg7 0-1

[Event "Olomouc Chess Summer 2017 - GM"]
[Site "Olomouc (CZE)"]
[Date "2017.08.13"]
[Round "2.5"]
[White "Saiyn, Zhanat"]
[Black "Neuman, Petr"]
[Result "1/2-1/2"]
[WhiteElo "2381"]
[BlackElo "2457"]
[PlyCount "105"]
[EventDate "2017.??.??"]

1. d4 Nf6 2. Nf3 g6 3. c4 Bg7 4. Nc3 O-O 5. e4 d6 6. Be2 e5 7. O-O exd4 8. Nxd4
Re8 9. f3 Nc6 10. Be3 Nh5 11. Qd2 Nxd4 12. Bxd4 Nf4 13. Rf2 Be5 14. Rd1 Nxe2+
15. Rxe2 Be6 16. Bxe5 dxe5 17. Qh6 Qe7 18. Nd5 Bxd5 19. cxd5 Qc5+ 20. Qe3 Qxe3+
21. Rxe3 Red8 22. Rc1 c6 23. dxc6 Rac8 24. Kf2 Rxc6 25. Rxc6 bxc6 26. Ke2 Rb8
27. b3 a5 28. a4 Kf8 29. Rc3 Ke7 30. Rxc6 Rxb3 31. Rc5 Rb2+ 32. Kf1 Kf6 33.
Rxa5 Ra2 34. Ra7 g5 35. h4 gxh4 36. Kg1 h3 37. gxh3 Kg6 38. h4 f6 39. a5 h6 40.
Ra6 Kh5 41. Rxf6 Kxh4 42. Rxh6+ Kg3 43. Rg6+ Kxf3 44. Ra6 Kxe4 45. Ra8 Ke3 46.
a6 e4 47. a7 Ke2 48. Re8 Rxa7 49. Rxe4+ Kf3 50. Re8 Rb7 51. Rf8+ Ke3 52. Re8+
Kf3 53. Rf8+ 1/2-1/2

[Event "Olomouc Chess Summer 2017 - GM"]
[Site "Olomouc (CZE)"]
[Date "2017.08.13"]
[Round "2.6"]
[White "Biolek-Jun., Richard"]
[Black "Pulpan, Jakub"]
[Result "1/2-1/2"]
[WhiteElo "2444"]
[BlackElo "2390"]
[PlyCount "90"]
[EventDate "2017.??.??"]

1. d4 Nf6 2. Nf3 e6 3. c4 b6 4. Nc3 Bb4 5. Bg5 Bb7 6. Nd2 h6 7. Bh4 Bxc3 8.
bxc3 d6 9. f3 Nbd7 10. e4 e5 11. Bd3 Qe7 12. Nf1 g5 13. Bf2 Nh5 14. Ne3 Nf4 15.
Bf1 Qf6 16. g3 Ne6 17. Nd5 Bxd5 18. cxd5 Ng7 19. Bb5 Rd8 20. Be3 Qg6 21. dxe5
dxe5 22. Qa4 a6 23. Qxa6 O-O 24. Bxd7 Rxd7 25. g4 h5 26. h3 h4 27. c4 Rdd8 28.
c5 Ra8 29. Qc4 Ra3 30. Qc1 Rfa8 31. cxb6 cxb6 32. O-O Rxa2 33. Rxa2 Rxa2 34.
Bxg5 f6 35. Bxh4 Qh7 36. Qc8+ Kf7 37. Qc7+ Kg6 38. Bxf6 Kxf6 39. Rc1 Kg5 40.
Qxe5+ Kh4 41. Rc7 Kxh3 42. Qf6 Kg3 43. Qe5+ Kh3 44. Qf6 Kg3 45. Qe5+ Kh3
1/2-1/2

[Event "Olomouc Chess Summer 2017 - IM 1"]
[Site "Olomouc (CZE)"]
[Date "2017.08.13"]
[Round "2.1"]
[White "Mukashev, Assan"]
[Black "Kulkarni, Bhakti"]
[Result "1/2-1/2"]
[WhiteElo "2199"]
[BlackElo "2291"]
[PlyCount "84"]
[EventDate "2017.??.??"]

1. d4 d5 2. c4 c6 3. Nf3 Nf6 4. Qc2 e6 5. g3 Be7 6. Bg2 O-O 7. O-O Nbd7 8. Nbd2
b6 9. Rd1 Bb7 10. e4 Rc8 11. e5 Ne8 12. cxd5 cxd5 13. Qb3 Ba6 14. Nf1 Nb8 15.
Bd2 Nc6 16. Rdc1 Qd7 17. Ne3 Be2 18. Nc2 Nc7 19. Qe3 Ba6 20. Nfe1 f6 21. f4
fxe5 22. fxe5 Rf7 23. b4 Bc4 24. a4 a6 25. Nd3 Bg5 26. Qe2 Qe7 27. Rab1 Rcf8
28. Rf1 Rxf1+ 29. Bxf1 Bxd2 30. Qxd2 Qf7 31. Be2 Qg6 32. Rf1 Bb3 33. Rxf8+ Kxf8
34. b5 axb5 35. axb5 Ne7 36. Na3 Bc4 37. Nf4 Qe4 38. Bxc4 dxc4 39. Nxc4 Nf5 40.
Nxb6 Qb1+ 41. Kf2 Qxb5 42. Nc8 Qc4 1/2-1/2

[Event "Olomouc Chess Summer 2017 - IM 1"]
[Site "Olomouc (CZE)"]
[Date "2017.08.13"]
[Round "2.2"]
[White "Chkhaidze, Nikoloz"]
[Black "Szotkowski, Jakub"]
[Result "1/2-1/2"]
[WhiteElo "2367"]
[BlackElo "2374"]
[PlyCount "93"]
[EventDate "2017.??.??"]

1. e4 c6 2. Nc3 d5 3. Nf3 Bg4 4. h3 Bxf3 5. Qxf3 e6 6. Be2 Nd7 7. d4 dxe4 8.
Nxe4 Ngf6 9. O-O Nxe4 10. Qxe4 Nf6 11. Qd3 Bd6 12. c4 O-O 13. Bg5 Qa5 14. Bxf6
gxf6 15. c5 Be7 16. Bd1 Rfd8 17. Bc2 f5 18. Qg3+ Kf8 19. Qe5 Bg5 20. Bxf5 Qd2
21. Bxe6 fxe6 22. Qh8+ Kf7 23. Qxh7+ Kf6 24. Rad1 Qf4 25. Rd3 Rg8 26. Qxb7 Qe4
27. Rf3+ Bf4 28. Qb3 Ke7 29. g3 Rab8 30. Qc3 Bd2 31. Qa3 a5 32. Rd1 Qe2 33. Rf1
Rbf8 34. Rxf8 Rxf8 35. Qb3 Qf3 36. Qxf3 Rxf3 37. Rd1 Bh6 38. Kg2 Rf8 39. f4 Bg7
40. Kf3 Rb8 41. b3 Bf6 42. Rd3 Rh8 43. h4 Rd8 44. Ke4 Rd5 45. a3 Kf7 46. g4
Bxh4 47. Rc3 1/2-1/2

[Event "Olomouc Chess Summer 2017 - IM 1"]
[Site "Olomouc (CZE)"]
[Date "2017.08.13"]
[Round "2.3"]
[White "Brhel, Jan"]
[Black "Klima, Lukas"]
[Result "0-1"]
[WhiteElo "2113"]
[BlackElo "2332"]
[PlyCount "102"]
[EventDate "2017.??.??"]

1. d4 Nf6 2. c4 e6 3. Nf3 c5 4. d5 exd5 5. cxd5 d6 6. Nc3 g6 7. Nd2 Bg7 8. e4
O-O 9. Be2 Na6 10. O-O Nc7 11. a4 b6 12. Nc4 Ba6 13. Kh1 Bxc4 14. Bxc4 Re8 15.
f3 a6 16. Qd3 Nd7 17. f4 Qh4 18. g3 Qh3 19. Be3 f5 20. e5 Bxe5 21. Rfe1 Bg7 22.
Bg1 Nf6 23. Rxe8+ Rxe8 24. Bxa6 Nxa6 25. Qxa6 Ng4 26. Qf1 Qxf1 27. Rxf1 Bxc3
28. bxc3 Nf6 29. c4 Re2 30. Rb1 Nd7 31. Ra1 Kf7 32. a5 bxa5 33. Rxa5 Re4 34.
Ra4 Nb6 35. Ra6 Nxc4 36. Rc6 h6 37. Kg2 g5 38. fxg5 hxg5 39. Bf2 g4 40. h4
gxh3+ 41. Kxh3 Re5 42. Rc7+ Kg6 43. Bxc5 dxc5 44. Rxc5 Ne3 45. Rc6+ Kg5 46. d6
Re8 47. Kh2 Ng4+ 48. Kg2 Re2+ 49. Kf1 Rd2 50. Ke1 Rd5 51. Ke2 Ne5 0-1

[Event "Olomouc Chess Summer 2017 - IM 1"]
[Site "Olomouc (CZE)"]
[Date "2017.08.13"]
[Round "2.4"]
[White "Hoefelsauer, Thomas"]
[Black "Karayev, Kanan"]
[Result "1-0"]
[WhiteElo "2357"]
[BlackElo "2228"]
[PlyCount "119"]
[EventDate "2017.??.??"]

1. c4 Nf6 2. Nf3 e6 3. d4 b6 4. g3 Bb7 5. Bg2 g6 6. O-O Bg7 7. Nc3 Ne4 8. Nxe4
Bxe4 9. Bg5 Qc8 10. Qd2 h6 11. Be3 Qb7 12. Rfd1 d6 13. Rac1 Nc6 14. b4 Ne7 15.
Ne1 Bxg2 16. Nxg2 Nf5 17. c5 bxc5 18. bxc5 O-O 19. d5 exd5 20. Qxd5 Qxd5 21.
Rxd5 c6 22. Rxf5 gxf5 23. cxd6 Be5 24. Nh4 Bxd6 25. Nxf5 Ba3 26. Rxc6 h5 27.
Ra6 Bb2 28. Ne7+ Kh7 29. Rh6+ Kg7 30. Rxh5 Rh8 31. Rb5 Bf6 32. Nd5 Rhb8 33. Ra5
a6 34. Ra4 Rb1+ 35. Kg2 Be5 36. Nb6 Rd8 37. Nc4 Bf6 38. Nd2 Rb2 39. Ne4 Be5 40.
Kf3 Rd1 41. Rxa6 Re1 42. Bh6+ Kg8 43. Ng5 f6 44. Ra8+ Rb8 45. Rxb8+ Bxb8 46.
Ne4 Be5 47. Bd2 Ra1 48. Bc3 Bxc3 49. Nxc3 Rc1 50. Nd5 Kf7 51. e4 Rc2 52. a4 Rc4
53. h4 Rxa4 54. Kf4 Ra2 55. f3 Rh2 56. Kf5 Rh3 57. Nxf6 Rxg3 58. f4 Rh3 59. h5
Kg7 60. e5 1-0

[Event "Olomouc Chess Summer 2017 - IM 1"]
[Site "Olomouc (CZE)"]
[Date "2017.08.13"]
[Round "2.5"]
[White "Nagy, Gabor"]
[Black "Chetverik, Maxim"]
[Result "1-0"]
[WhiteElo "2472"]
[BlackElo "2250"]
[PlyCount "97"]
[EventDate "2017.??.??"]

1. e4 Nf6 2. e5 Nd5 3. d4 d6 4. c4 Nb6 5. exd6 cxd6 6. Nc3 g6 7. Be3 Bg7 8. Rc1
O-O 9. b3 N6d7 10. Nf3 Nf6 11. Be2 d5 12. c5 Nc6 13. O-O Bg4 14. h3 Bxf3 15.
Bxf3 e6 16. Qd2 Ne8 17. b4 a6 18. Na4 Qe7 19. Nb6 Rd8 20. a4 f5 21. Rfe1 Nc7
22. g3 Qf6 23. Rcd1 h6 24. h4 Rf7 25. Bg2 Kh7 26. Kh1 Qe7 27. Kg1 Qf8 28. Bf1
f4 29. Bxf4 Nxd4 30. Bg2 Rxf4 31. Qxf4 Qxf4 32. gxf4 Rf8 33. Nxd5 Nxd5 34. Bxd5
exd5 35. Re7 Rxf4 36. Rxb7 Kg8 37. b5 axb5 38. axb5 Nf3+ 39. Kf1 Bd4 40. c6
Nh2+ 41. Ke2 Re4+ 42. Kd3 Be5 43. Kc2 Rc4+ 44. Kb3 Rc5 45. Kb4 Bd6 46. Ka5 Ng4
47. Rd7 Bh2 48. Kb6 Rc2 49. Ra1 1-0

[Event "Olomouc Chess Summer 2017 - IM 2"]
[Site "Olomouc (CZE)"]
[Date "2017.08.13"]
[Round "2.1"]
[White "Burnett, Andrew"]
[Black "Pranav, Anand"]
[Result "1/2-1/2"]
[WhiteElo "2209"]
[BlackElo "2155"]
[PlyCount "84"]
[EventDate "2017.??.??"]

1. Nf3 Nf6 2. c4 e6 3. Nc3 Bb4 4. Qc2 O-O 5. a3 Bxc3 6. Qxc3 b6 7. b4 Bb7 8.
Bb2 d6 9. e3 Nbd7 10. Be2 Qe7 11. O-O e5 12. d3 h6 13. Rae1 Nh7 14. d4 Ng5 15.
Nxg5 Qxg5 16. d5 Qe7 17. e4 Nf6 18. Bd1 Nh7 19. f4 f6 20. f5 c6 21. dxc6 Bxc6
22. Qd3 Rfd8 23. Bc1 Kh8 24. h4 Be8 25. Rf2 Rac8 26. Bb3 Bf7 27. Be3 Qe8 28. g4
b5 29. cxb5 Bxb3 30. Qxb3 Qxb5 31. g5 Qc4 32. Qxc4 Rxc4 33. gxh6 Rxe4 34. hxg7+
Kg8 35. Ree2 d5 36. Bxa7 Rxh4 37. Bc5 Kxg7 38. Rg2+ Kf7 39. Rc2 Ng5 40. Be3 Rc4
41. Rxc4 dxc4 42. Rc2 Rd3 1/2-1/2

[Event "Olomouc Chess Summer 2017 - IM 2"]
[Site "Olomouc (CZE)"]
[Date "2017.08.13"]
[Round "2.2"]
[White "Leeb, Simon"]
[Black "Nitish, Belurkar"]
[Result "1/2-1/2"]
[WhiteElo "2207"]
[BlackElo "2269"]
[PlyCount "116"]
[EventDate "2017.??.??"]

1. d4 Nf6 2. Nf3 c5 3. e3 d5 4. Be2 Nc6 5. O-O e6 6. b3 Be7 7. Bb2 O-O 8. c4 b6
9. Ne5 Bb7 10. Bf3 Qc7 11. cxd5 exd5 12. Nxc6 Bxc6 13. Nc3 Rad8 14. Rc1 Qb7 15.
Ne2 Ne4 16. Ng3 f5 17. Qc2 Be8 18. Rfd1 Bg6 19. dxc5 bxc5 20. Ne2 Bf7 21. Be5
Qc6 22. Bxe4 fxe4 23. Nf4 Qh6 24. Rd2 Qg5 25. Qc3 d4 26. exd4 cxd4 27. Rxd4
Qxe5 28. Rxd8 Qxf4 29. Rxf8+ Bxf8 30. Rd1 Qf6 31. Qe3 Qa6 32. Rd2 Qc6 33. Rd8
Qc2 34. h3 Qc7 35. Ra8 a5 36. Qxe4 Qc1+ 37. Kh2 Qd2 38. Qe3 Qd5 39. Rb8 Qd6+
40. Qg3 Qf6 41. f4 h6 42. Qe3 Bg6 43. Qe5 Qxe5 44. fxe5 Kf7 45. e6+ Ke7 46. Ra8
Bb1 47. Rxa5 Kxe6 48. a3 Bd6+ 49. Kg1 Bg3 50. b4 g6 51. Rc5 h5 52. a4 Bd6 53.
Rc1 Bd3 54. b5 Kd5 55. Kf2 Bc5+ 56. Kf3 Be4+ 57. Kg3 Bd6+ 58. Kf2 Bc5+ 1/2-1/2

[Event "Olomouc Chess Summer 2017 - IM 2"]
[Site "Olomouc (CZE)"]
[Date "2017.08.13"]
[Round "2.3"]
[White "Mammadova, Narmin"]
[Black "Olsarova, Karolina"]
[Result "1/2-1/2"]
[WhiteElo "2277"]
[BlackElo "2283"]
[PlyCount "44"]
[EventDate "2017.??.??"]

1. e4 e5 2. Nf3 Nc6 3. Nc3 Nf6 4. Bb5 Bb4 5. O-O O-O 6. d3 d6 7. Bg5 Ne7 8. Bc4
Bxc3 9. bxc3 Ng6 10. Rb1 h6 11. Bd2 c6 12. h3 Qe7 13. Nh2 d5 14. exd5 Nxd5 15.
Bxd5 cxd5 16. Re1 b6 17. Qh5 Qd6 18. Nf3 f5 19. c4 Nf4 20. Qh4 Ng6 21. Qh5 Nf4
22. Qh4 Ng6 1/2-1/2

[Event "Olomouc Chess Summer 2017 - IM 2"]
[Site "Olomouc (CZE)"]
[Date "2017.08.13"]
[Round "2.4"]
[White "Biolek-Sen., Richard"]
[Black "Galyas, Miklos"]
[Result "1/2-1/2"]
[WhiteElo "2439"]
[BlackElo "2486"]
[PlyCount "21"]
[EventDate "2017.??.??"]

1. c4 c5 2. Nf3 Nc6 3. Nc3 g6 4. g3 Bg7 5. Bg2 d6 6. O-O Bf5 7. d3 Qd7 8. Nd5
Nf6 9. e4 Bg4 10. Ne3 Bh3 11. Rb1 1/2-1/2

[Event "Olomouc Chess Summer 2017 - IM 2"]
[Site "Olomouc (CZE)"]
[Date "2017.08.13"]
[Round "2.5"]
[White "Tymrakiewicz, Rafal"]
[Black "Jurek, Josef"]
[Result "1/2-1/2"]
[WhiteElo "2188"]
[BlackElo "2274"]
[PlyCount "32"]
[EventDate "2017.??.??"]

1. d4 e6 2. Nf3 c5 3. e3 Nf6 4. Nbd2 b6 5. Bd3 Bb7 6. O-O Be7 7. b3 O-O 8. c4
d6 9. Bb2 Nbd7 10. Qe2 Qc7 11. Rae1 a6 12. h3 Rfe8 13. Ng5 h6 14. f4 d5 15.
cxd5 exd5 16. Ngf3 Ne4 1/2-1/2

[Event "Olomouc Chess Summer 2017 - open"]
[Site "Olomouc (CZE)"]
[Date "2017.08.13"]
[Round "2.1"]
[White "Nasanjargal, Urtnasan"]
[Black "Zaehringer, Daniel"]
[Result "1-0"]
[WhiteElo "2419"]
[BlackElo "2015"]
[PlyCount "125"]
[EventDate "2017.??.??"]

1. Nf3 d5 2. g3 Nf6 3. Bg2 e6 4. d4 Be7 5. c4 O-O 6. O-O dxc4 7. Qc2 a6 8. a4
Bd7 9. Qxc4 Bc6 10. Bf4 a5 11. Nbd2 Na6 12. Rfe1 Ne4 13. Qc1 Nxd2 14. Bxd2 Nb4
15. Qb1 f5 16. Qd1 Be4 17. Rc1 c6 18. Bxb4 Bxb4 19. Rf1 Qd5 20. Nh4 Bxg2 21.
Nxg2 e5 22. dxe5 Qxe5 23. Qb3+ Kh8 24. Rc2 Rad8 25. Nf4 Rd7 26. Nd3 Qd5 27.
Qxd5 Rxd5 28. Nxb4 axb4 29. Rc4 c5 30. Rfc1 b6 31. a5 bxa5 32. Rxc5 Rxc5 33.
Rxc5 a4 34. Ra5 a3 35. bxa3 bxa3 36. Rxa3 h6 37. Ra7 Kh7 38. h4 Re8 39. e3 Kg6
40. h5+ Kf6 41. Ra6+ Ke5 42. Kg2 Re7 43. Kf3 Rb7 44. g4 Rb5 45. Kg3 fxg4 46.
Kxg4 Ke4 47. Rg6 Rb7 48. Re6+ Kd5 49. Re8 Rb2 50. f4 Rh2 51. Kf5 Rxh5+ 52. Kg6
Rh1 53. Kxg7 h5 54. Kf6 Re1 55. Re5+ Kd6 56. Rxh5 Rxe3 57. f5 Kd7 58. Rh7+ Ke8
59. Rh8+ Kd7 60. Ra8 Rb3 61. Kf7 Rb1 62. f6 Rf1 63. Ra2 1-0

[Event "Olomouc Chess Summer 2017 - open"]
[Site "Olomouc (CZE)"]
[Date "2017.08.13"]
[Round "2.2"]
[White "Zakoucka, Adela"]
[Black "Stigar, Petter"]
[Result "1/2-1/2"]
[WhiteElo "2009"]
[BlackElo "2236"]
[PlyCount "66"]
[EventDate "2017.??.??"]

1. e4 c6 2. d4 d5 3. exd5 cxd5 4. Bd3 Nc6 5. c3 Nf6 6. h3 g6 7. Nf3 Bf5 8. Bxf5
gxf5 9. Qe2 Rg8 10. g3 Ne4 11. Bf4 e6 12. Nbd2 Bd6 13. Qe3 Qc7 14. Bxd6 Qxd6
15. O-O-O O-O-O 16. Rhe1 Rg6 17. Nh4 Rg7 18. Ng2 Qe7 19. Re2 Kb8 20. Kb1 Rc8
21. Nb3 b6 22. Nf4 Kb7 23. Qd3 Qd6 24. Qb5 a6 25. Qd3 Rgg8 26. Qf3 Qd8 27. Nd3
Rc7 28. Qf4 Qg5 29. Qxg5 Rxg5 30. Nd2 Rg7 31. Nf4 Rc8 32. Rde1 b5 33. Nd3 Kb6
1/2-1/2

[Event "Olomouc Chess Summer 2017 - open"]
[Site "Olomouc (CZE)"]
[Date "2017.08.13"]
[Round "2.3"]
[White "Mitchell, Martin"]
[Black "Musil, Vitezslav"]
[Result "0-1"]
[WhiteElo "2228"]
[BlackElo "1963"]
[PlyCount "86"]
[EventDate "2017.??.??"]

1. d4 Nf6 2. c4 g6 3. Nc3 Bg7 4. e4 d6 5. Be2 O-O 6. Nf3 e5 7. d5 Nbd7 8. Nd2
Bh6 9. Bf3 Nc5 10. Qe2 a5 11. h4 Nh5 12. g3 f5 13. exf5 Bxf5 14. Nde4 Bxc1 15.
Rxc1 Nxe4 16. Nxe4 Bxe4 17. Bxe4 b6 18. O-O Qf6 19. Rc3 Rae8 20. Kg2 Qxh4 21.
Bf3 Qg5 22. Bxh5 gxh5 23. Rh1 Rf5 24. Rf3 Ref8 25. Rxf5 Rxf5 26. Rh4 Qg6 27.
Re4 Rg5 28. Kh3 Qf5+ 29. Kg2 Rg4 30. Re3 e4 31. f3 exf3+ 32. Rxf3 Qe4 33. Qf2
h4 34. Kh3 Qxf3 35. Qxf3 Rxg3+ 36. Qxg3+ hxg3 37. Kxg3 Kg7 38. Kg4 Kg6 39. b3
h6 40. a4 h5+ 41. Kh4 Kh6 42. Kg3 Kg5 43. Kh3 h4 0-1

[Event "Olomouc Chess Summer 2017 - open"]
[Site "Olomouc (CZE)"]
[Date "2017.08.13"]
[Round "2.4"]
[White "Yanjinlkham, Bayarsaikhan"]
[Black "Houska, Jiri"]
[Result "1-0"]
[WhiteElo "1988"]
[BlackElo "2202"]
[PlyCount "103"]
[EventDate "2017.??.??"]

1. d4 Nf6 2. Nf3 g6 3. g3 Bg7 4. Bg2 d5 5. c4 dxc4 6. Qa4+ Nfd7 7. Qxc4 Nc6 8.
Ng5 O-O 9. d5 Nce5 10. Qh4 h6 11. Nf3 Nxf3+ 12. Bxf3 Ne5 13. Bg2 Ng4 14. Bf3
Bf6 15. Qh3 Ne3 16. Qxh6 Nc2+ 17. Kf1 Nxa1 18. Qd2 e6 19. Nc3 exd5 20. Nxd5 c6
21. Nxf6+ Qxf6 22. Kg2 Rd8 23. Qa5 b6 24. Qa4 b5 25. Qa5 Nc2 26. h4 Rd4 27. Qc3
Nb4 28. e3 Rd6 29. Qxb4 Bb7 30. e4 Qd4 31. Qa5 Qb6 32. Qa3 c5 33. h5 Re8 34.
Qe3 c4 35. Qh6 Qd4 36. hxg6 Rxg6 37. Qh7+ Kf8 38. Be3 Qe5 39. Rh5 Qxb2 40. Bc5+
Re7 41. Rf5 Qg7 42. Bxe7+ Kxe7 43. Qh4+ Ke8 44. Qf4 Rb6 45. Bh5 Qd4 46. Bxf7+
Kd7 47. Bd5 Bxd5 48. Rxd5+ Qxd5 49. exd5 c3 50. Qf5+ Kd8 51. a3 a5 52. Qf8+ 1-0

[Event "Olomouc Chess Summer 2017 - open"]
[Site "Olomouc (CZE)"]
[Date "2017.08.13"]
[Round "2.5"]
[White "Brantjes, Yme"]
[Black "Hoerr, Matthias"]
[Result "0-1"]
[WhiteElo "1961"]
[BlackElo "2196"]
[PlyCount "63"]
[EventDate "2017.??.??"]

1. e4 c5 2. Nf3 e6 3. d4 cxd4 4. Nxd4 Nc6 5. Nc3 Qc7 6. f4 a6 7. Nxc6 bxc6 8.
Bd3 d5 9. O-O Nf6 10. Kh1 Be7 11. e5 Nd7 12. Qg4 g6 13. Na4 a5 14. Qe2 Nc5 15.
Nxc5 Bxc5 16. Be3 Bxe3 17. Qxe3 Qa7 18. Qe2 Ba6 19. c4 O-O 20. b3 Rab8 21. g4
Rfe8 22. Rad1 a4 23. f5 exf5 24. gxf5 axb3 25. axb3 Rxb3 26. fxg6 fxg6 27. Bxg6
hxg6 28. Qc2 Qh7 29. Rf6 Rg3 30. cxd5 Bc8 31. Qxc6 Bd7 32. Qd6 0-1